Baldomero Espartero : (Record no. 198422)

MARC details
000 -LEADER
campo de control de longitud fija 01184nam a2200325 i 4500
001 - NÚMERO DE CONTROL
campo de control 198422
003 - IDENTIFICADOR DE NÚMERO DE CONTROL
campo de control ES-MaACL
005 - FECHA Y HORA DE LA ÚLTIMA TRANSACCIÓN
campo de control 20260624190002.0
007 - CAMPO FIJO DE DESCRIPCIÓN FÍSICA--INFORMACIÓN GENERAL
campo de control de longitud fija ta
008 - DATOS DE LONGITUD FIJA--INFORMACIÓN GENERAL
campo de control de longitud fija 260602s2026 sp ||||| |||| 001 0bspa d
017 ## - NÚMERO DE COPYRIGHT O DE DEPÓSITO LEGAL
Número de copyright o de depósito legal SE 660-2026
Agencia que asigna Oficina Depósito Legal Sevilla
020 ## - NÚMERO INTERNACIONAL ESTÁNDAR DEL LIBRO
Número Internacional Estándar del Libro 979-13-7046-363-2
040 ## - FUENTE DE CATALOGACIÓN
Centro catalogador/agencia de origen ES-MaACL
Lengua de catalogación spa
Centro/agencia transcriptor ES-MaACL
Normas de descripción rda
080 ## - NÚMERO DE LA CLASIFICACIÓN DECIMAL UNIVERSAL
Número de la Clasificación Decimal Universal 929 Espartero, Baldomero
100 1# - ENTRADA PRINCIPAL--NOMBRE DE PERSONA
Relación aut
Nombre de persona Martín Arranz, Raúl
Término indicativo de función/relación Autor
9 (RLIN) 156384
245 10 - MENCIÓN DEL TÍTULO
Título Baldomero Espartero :
Resto del título el héroe inconstante y familiar /
Mención de responsabilidad, etc. Raúl Martín Arranz
250 ## - MENCION DE EDICION
Mención de edición Primera edición
264 #1 - PRODUCCIÓN, PUBLICACIÓN, DISTRIBUCIÓN, FABRICACIÓN Y COPYRIGHT
Producción, publicación, distribución, fabricación y copyright [Sevilla] :
Nombre del de productor, editor, distribuidor, fabricante Círculo Rojo Editorial,
Fecha de producción, publicación, distribución, fabricación o copyright 2026
300 ## - DESCRIPCIÓN FÍSICA
Extensión 609 páginas ;
Dimensiones 24 cm
336 ## - TIPO DE CONTENIDO
Fuente rdacontent
Término de tipo de contenido Texto
337 ## - TIPO DE MEDIO
Fuente rdamedia
Nombre/término del tipo de medio sin mediación
338 ## - TIPO DE SOPORTE
Fuente rdacarrier
Nombre/término del tipo de soporte volumen
504 ## - NOTA DE BIBLIOGRAFÍA, ETC.
Nota de bibliografía, etc. Bibliografía: páginas 533-609. Índice
600 14 - PUNTO DE ACCESO ADICIONAL DE MATERIA--NOMBRE DE PERSONA
Nombre de persona Espartero, Baldomero,
Fechas asociadas al nombre 1793-1879
9 (RLIN) 47778
852 ## - LOCALIZACIÓN
Ubicación ES-MaACL
Ubicación en estantería Depósito 1
Número de control de estantería A-15910
Donativo/Legado Donación: Raúl Martín Arranz
Encuadernación Encuadernación rústica con solapas
itemnumber 207398
942 ## - ELEMENTOS DE ENTRADA SECUNDARIOS (KOHA)
Tipo de ítem Koha Libro impreso
Suprimir en OPAC No
Holdings
Estatus retirado Estado de pérdida Fuente del sistema de clasificación o colocación Estado de daño No para préstamo Biblioteca de origen Biblioteca actual Ubicación en estantería Fecha de adquisición Fuente de adquisición Total de préstamos Signatura topográfica completa Código de barras Visto por última vez Precio de reemplazo Tipo de ítem Koha
    Clasificación decimal universal     Biblioteca del Ateneo de Madrid Biblioteca del Ateneo de Madrid Depósito 1 02/06/2026 Donación   A-15910 2026-0390 02/06/2026 02/06/2026 Libro impreso